000 00647cam a2200181 4500500
005 20260322001547.0
041 _afre
042 _adc
100 1 0 _aFleury, Cynthia
_eauthor
700 1 0 _aCosta-Gavras
_eauthor
700 1 0 _aPodalydès, Denis
_eauthor
700 1 0 _aLegros, Martin
_eauthor
245 0 0 _aÀ quoi ressemble une mort réussie ? Cynthia Fleury dialogue avec Costa-Gavras et Denis Podalydès
260 _c2025.
500 _a63
786 0 _nPhilosophie magazine | 187 | 3 | 2025-03-01 | p. 24-35 | 1951-1787
856 4 1 _uhttps://shs.cairn.info/magazine-philosophie-magazine-2025-3-page-24?lang=fr&redirect-ssocas=7080
999 _c1715835
_d1715835